Queen - Who Wants To Live Forever - Lyrics - Statistics

General Stats
  • This quiz has been taken 66 times
  • The average score is 91 of 121
Answer Stats
Answer % Correct
for
100%
forever
100%
Forever
100%
live
100%
to
100%
wants
100%
when
100%
Who
100%
love
84%
is
81%
no
81%
There's
81%
time
76%
us
76%
And
70%
can
70%
we
70%
dares
68%
place
68%
our
65%
this
65%
This
65%
die
62%
It's
62%
What
62%
your
62%
all
59%
must
59%
my
59%
that
59%
dreams,
57%
thing
57%
touch
57%
Touch
57%
with
57%
world
57%
has
54%
Ooh
54%
lips
51%
from
49%
have
49%
Oh
49%
one
49%
tears
49%
anyway?
46%
chance
46%
decided
46%
fingertips
46%
today
46%
moment
43%
aside
41%
builds
41%
only
41%
set
41%
sweet
41%
away
38%
But
38%
slips
27%
waits
22%
yet
22%
No matching quizzes found
Score Distribution
Percent of People with Each Score
Percentile by Number Answered
Your Score History
You have not taken this quiz